Anh hùng kiếm
Guardado en:
| Autor principal: | |
|---|---|
| Formato: | Libro |
| Lenguaje: | Undetermined |
| Publicado: |
Thanh Hóa
Nxb Thanh Hóa
2009
|
| Materias: | |
| Etiquetas: |
Agregar Etiqueta
Sin Etiquetas, Sea el primero en etiquetar este registro!
|
| Thư viện lưu trữ: | Trung tâm Học liệu Trường Đại học Cần Thơ |
|---|
| LEADER | 00545nam a2200193Ia 4500 | ||
|---|---|---|---|
| 001 | CTU_151396 | ||
| 008 | 210402s9999 xx 000 0 und d | ||
| 020 | |c 42000 | ||
| 082 | |a 895.13 | ||
| 082 | |b S312/T.6 | ||
| 100 | |a Ngọa, Long Sinh | ||
| 245 | 0 | |a Anh hùng kiếm | |
| 245 | 0 | |c Ngọa Long Sinh | |
| 260 | |a Thanh Hóa | ||
| 260 | |b Nxb Thanh Hóa | ||
| 260 | |c 2009 | ||
| 650 | |a Chinese fiction,Tiểu thuyết cổ điển Trung Quốc | ||
| 904 | |i Năm | ||
| 980 | |a Trung tâm Học liệu Trường Đại học Cần Thơ | ||